00856nam a22002657a 45000010005000000030006000050050017000110080041000280200015000690400029000840500015001130820008001281000030001362450075001662500041002412600033002823000056003155050007003715200073003785210018004515210018004696500039004876500032005267000032005588104FISKH20250825090535.0250825b cb ||||| |||| 00| 0 eng d a0140368523 aFISKHbengcFISKHdFISKH aPZ7.Z487 N a813 aZiefert, Harrietd(1941-) aNicky upstairs and down /cHarriet Ziefert ; Pictures by Richard Brown aThis edition first published in 1994 aNew Zealand :bPuffin,c1987 a29 unnumbered pages :bcolor illustrations ;c23 cm aG  aNicky the cat runs upstairs and downstairs to hide from his mother. 8 a310 bLexile 8 aG bRaz-Plus  2Easy readeraChildrens illustrated 2CatsaPenguin Young Readers aBrown, Richarddillustrator